LEADER 00786nam0-22002651i-450- 001 990009182220403321 005 20100505114028.0 010 $a0-8194-0364-4 035 $a000918222 035 $aFED01000918222 035 $a(Aleph)000918222FED01 035 $a000918222 100 $a20100505d1990----km-y0itay50------ba 101 0 $aeng 105 $a--------001yy 200 1 $aProceedings Thermosense XII$ean international conference on Thermal Sensing and Imaging Diagnostic Applications 18-20Aprile 1990$fSPIE 210 $aWashington$cSPIE$d1990 710 02$aSPIE$0461958 801 0$aIT$bUNINA$gRICA$2UNIMARC 901 $aBK 912 $a990009182220403321 952 $a00 C2395$b93$fDETEC 959 $aDETEC 996 $aProceedings Thermosense XII$9779793 997 $aUNINA